000 00300 a2200133 4500
005 20250702074611.0
020 _a978-1-784-70566-4
082 _a658 GEA
100 _aGEARY, K.
245 _aMontpelier Parade,
260 _aLondon,
_bRandom House,
_c2017
300 _a234p,
_c20cm.
942 _2ddc
_cBKS
999 _c6548
_d6548